01857nam a2200349 i 4500003000900000005001700009008004100026017001300067020001500080040004300095041000800138082003200146092000700178099004000185100005900225245014100284264006800425300003000493336002200523337002400545338003300569504010800602546009600710650007100806856005600877905000700933942001900940999001700959952017700976952017701153952017701330EG-GICUC20260121101537.0251224r1976    ua ||||fr ||| 00| 0 ara d  a19765528  a9772012081  aEG-GICUCcEG-GICUCdEG-GICUCerdabara0 aara04221a345.4571201bم ص . ف04221  aLaw1 07	345.4571201 م ص . ف 19760 aمصطفى محمود احمد عفيفىeمؤلف.10aفلسفة العقوبة التأديبية واهدافها :bدراسة مقارنة /cمصطفى محمود احمد عفيفى. 1aالقاهرة :b[اسم الناشر غير محدد],c1976.  a571 ؛ صفحةc24 سم.  atext2rda content  aComputer2rda media  aOnline Resource2rda carrier  aيحتوي على ارجاعات ببليوجرافية
يحتوي على قائمة بالمراجع  aالنص أغلبه باللغة العربية مع بعض النصوص الفرنسية14aالعقوبات التاديبيهxالقانون الاداري  uhttps://fll.law.cu.edu.eg/fulltext/th/B07-01610.pdf  a75  2ddccBKe21n0  c52465d52465  00102ddc40718القانون الإداريaCUbLAW1d2025-12-24l0oLaw1 07	345.4571201 م ص . ف 1976 0701610	C1pB07-01610r2025-12-24 13:39:00t1w2025-12-24yBK  00102ddc40708القانون الإداريaCUbLAW1d2025-12-28l0oLaw1 07	345.4571201 م ص . ف 1976 0701886	C2pB07-01886r2025-12-28 10:59:00t2w2025-12-28yBK  00102ddc40708القانون الإداريaCUbLAW2d2025-12-28l0oLaw2 07	345.4571201 م ص . ف 1976 0701887 C3pB07-01887r2025-12-28 11:00:00t3w2025-12-28yBK